GEÇECEK Mİ E5 8 (Kayıt no. 1153323)

MARC ayrıntıları
000 -LEADER
sabit uzunluktaki kontrol alanı 00261nam a2200097Ia 4500
001 - KONTROL NUMARASI
kontrol alanı 1153323
005 - EN SON İŞLEMİN TARİH VE ZAMANI
kontrol alanı 20250827011122.0
008 - SABİT-UZUNLUKTA VERİ ÖĞELERİ--GENEL BİLGİ
sabit uzunluktaki kontrol alanı 250824s9999 xx 000 0 und d
245 #0 - ESER / YAZAR
ESER ADI GEÇECEK Mİ E5 8
Yazar Adı GÖKHAN ÇINAR
260 ## - YAYIN, DAĞITIM, VB.
YAYIN EVİ DESTEK YAYINLARI
Mevcut
Düşüm durumu Kayıp durumu Hasar Durumu Ödünç verilmez Ana kütüphane Geçerli Kütüphane Edinilen tarih Toplam ödünç verme sayısı Barkod Son görüntüleme tarihi Fiyatın geçerli olmaya başladığı tarih Koha materyal türü
        MEHMET ZAHİD KOTKU KIZ ANADOLU İMAM HATİP LİSESİ MEHMET ZAHİD KOTKU KIZ ANADOLU İMAM HATİP LİSESİ 24.08.2025   1093706 27.08.2025 27.08.2025 Kitaplar
Gemini Bilgi Teknolojileri A.Ş. tarafından düzenlenmiştir.